polski alfabet - Statystyki

Ogólne statystyki
  • Ten quiz został rozwiązany 8 razy
  • Średni wynik to 20 z 32
Statystyki odpowiedzi
Odpowiedź % Poprawnych
a
100%
ą
100%
b
100%
c
100%
ć
100%
e
100%
ę
100%
w
100%
d
50%
f
50%
g
50%
h
50%
i
50%
j
50%
k
50%
l
50%
ł
50%
m
50%
n
50%
o
50%
ó
50%
p
50%
r
50%
s
50%
ś
50%
u
50%
x
50%
y
50%
z
50%
ź
50%
ż
50%
t
0%
Nie znaleziono quizów pasujących do podanych kryteriów
Rozkład punktacji
Procent ludzi z każdym wynikiem
Percentyl według liczby udzielonych odpowiedzi
Twoja historia wyników
Nie rozwiązałeś tego quizu